[Event "Pilsen Region-chT 2223"]
[Site "Czech Republic"]
[Date "2023.01.29"]
[Round "7.2"]
[White "Vasicek, Martin"]
[Black "Hajek, Jiri2222"]
[Result "0-1"]
[WhiteElo "2080"]
[BlackElo "1998"]
[PlyCount "74"]
[EventDate "2022.10.09"]
[EventType "team-tourn"]
[EventRounds "11"]
[EventCountry "CZE"]
[SourceTitle "EXT 2024"]
[Source "ChessBase"]
[SourceDate "2023.10.10"]
[SourceVersion "1"]
[SourceVersionDate "2023.10.10"]
[SourceQuality "1"]
[WhiteTeam "Domazlice"]
[BlackTeam "Plzen Letna"]
[WhiteTeamCountry "CZE"]
[BlackTeamCountry "CZE"]

1. d4 Nf6 2. Nf3 d6 3. Bf4 c6 4. Nbd2 g6 5. e3 Nh5 6. Bg5 h6 7. Bh4 g5 8. Bg3 Nxg3 9. hxg3 Bg7 10. Bd3 Nd7 11. Qe2 e5 12. Nc4 Qe7 13. dxe5 dxe5 14. e4 Nc5 15. 0-0-0 Be6 16. Ne3 0-0-0 17. Kb1 f5 18. exf5 e4 19. fxe6 Qf6 20. Nc4 exd3 21. cxd3 Rhe8 22. Qc2 Nxe6 23. d4 g4 24. Nh4 Nxd4 25. Qc1 Re2 26. Rhe1 Rc2 27. Qxc2 Nxc2 28. Kxc2 Qxf2+ 29. Kb1 Rxd1+ 30. Rxd1 b5 31. Nd2 Qxg3 32. Rh1 Qd3+ 33. Kc1 Bxb2+ 34. Kxb2 Qxd2+ 35. Kb1 c5 36. Rc1 c4 37. g3 Qd3+ 0-1

[Event "CZE-ch Betsys Online Blitz"]
[Site "Chess.com INT"]
[Date "2021.04.17"]
[Round "10"]
[White "Gnojek, Petr"]
[Black "Vasicek, Martin"]
[Result "1-0"]
[WhiteElo "2267"]
[BlackElo "2070"]
[PlyCount "87"]
[EventDate "2021.04.17"]
[EventType "swiss (blitz)"]
[EventRounds "13"]
[EventCountry "CZE"]
[SourceTitle "CBM 201 Extra"]
[Source "ChessBase"]
[SourceDate "2021.05.31"]
[SourceVersion "1"]
[SourceVersionDate "2021.05.31"]
[SourceQuality "1"]

1. d4 Nf6 2. c4 c5 3. d5 e5 4. Nc3 d6 5. e4 Be7 6. Nf3 0-0 7. Be2 Ne8 8. 0-0 g6 9. Bh6 Ng7 10. Ne1 f5 11. f3 Bg5 12. Bxg5 Qxg5 13. Nd3 a6 14. a3 Nd7 15. b4 b6 16. Qc1 f4 17. bxc5 Nxc5 18. Nxc5 bxc5 19. Rb1 Ra7 20. Rb6 Bh3 21. Rf2 Nh5 22. Bf1 Bc8 23. Rxd6 Rg7 24. Na4 Qe7 25. Rb6 Ng3 26. Rfb2 g5 27. d6 Qd8 28. Nxc5 g4 29. fxg4 Rxg4 30. Nd3 Nxe4 31. Nxe5 Rg7 32. Nf3 Nxd6 33. Qd2 Rd7 34. c5 Ne4 35. Qc2 Kh8 36. Qxe4 Re8 37. Qxf4 Rd1 38. Qf6+ Qxf6 39. Rxf6 Bg4 40. Rd6 Rc1 41. Rbd2 Bxf3 42. gxf3 Ree1 43. Rf2 Rxc5 44. Rxa6 1-0

[Event "CZE-ch Betsys Online Blitz"]
[Site "Chess.com INT"]
[Date "2021.04.17"]
[Round "4"]
[White "Vasicek, Martin"]
[Black "Netusil, Miloslav"]
[Result "1-0"]
[WhiteElo "2070"]
[BlackElo "2146"]
[PlyCount "81"]
[EventDate "2021.04.17"]
[EventType "swiss (blitz)"]
[EventRounds "13"]
[EventCountry "CZE"]
[SourceTitle "CBM 201 Extra"]
[Source "ChessBase"]
[SourceDate "2021.05.31"]
[SourceVersion "1"]
[SourceVersionDate "2021.05.31"]
[SourceQuality "1"]

1. d4 d5 2. Nf3 Nf6 3. Bf4 e6 4. e3 c5 5. c3 Bd6 6. Ne5 Qc7 7. Nd2 0-0 8. Bd3 Nc6 9. Ndf3 Ne4 10. Nxc6 Bxf4 11. exf4 bxc6 12. g3 cxd4 13. Nxd4 c5 14. Nf3 Qb6 15. Qe2 Nf6 16. 0-0 a5 17. Ne5 Ba6 18. Bxa6 Qxa6 19. Qe3 Qb7 20. Rab1 Rac8 21. Rfd1 Rfd8 22. Rd2 c4 23. f3 Nd7 24. Rbd1 Nxe5 25. Qxe5 g6 26. g4 Qc7 27. Qe3 Re8 28. Re1 Qd6 29. Qd4 Rcd8 30. Rde2 Rb8 31. f5 gxf5 32. gxf5 Qb6 33. Rg2+ Kf8 34. Qxb6 Rxb6 35. f6 Reb8 36. Ree2 a4 37. a3 Rc6 38. Rg7 e5 39. Rxh7 Rxf6 40. Rh8+ Ke7 41. Rxb8 1-0

[Event "CZE-ch Betsys Online Blitz"]
[Site "Chess.com INT"]
[Date "2021.04.17"]
[Round "5"]
[White "Vrana, Frantisek"]
[Black "Vasicek, Martin"]
[Result "0-1"]
[WhiteElo "2236"]
[BlackElo "2070"]
[PlyCount "82"]
[EventDate "2021.04.17"]
[EventType "swiss (blitz)"]
[EventRounds "13"]
[EventCountry "CZE"]
[SourceTitle "CBM 201 Extra"]
[Source "ChessBase"]
[SourceDate "2021.05.31"]
[SourceVersion "1"]
[SourceVersionDate "2021.05.31"]
[SourceQuality "1"]

1. e4 c6 2. d4 d5 3. Nc3 dxe4 4. Nxe4 Bf5 5. Ng3 Bg6 6. Nh3 Nf6 7. Nf4 e5 8. Nxg6 hxg6 9. dxe5 Qa5+ 10. c3 Qxe5+ 11. Be2 Bc5 12. 0-0 Nbd7 13. Bf3 0-0-0 14. Re1 Qc7 15. Qa4 Rxh2 16. Kxh2 Rh8+ 17. Kg1 Qxg3 18. Be3 Qh2+ 19. Kf1 Nd5 20. Bxd5 cxd5 21. Bxc5 Nxc5 22. Qg4+ Kb8 23. Qg3+ Qxg3 24. fxg3 Nd3 25. Red1 Nxb2 26. Rdb1 Nc4 27. Kf2 Nd2 28. Rc1 Ne4+ 29. Kf3 Rc8 30. Rab1 Nd2+ 31. Kf4 Nxb1 32. Rxb1 Rxc3 33. Rb2 Kc7 34. Ke5 Rxg3 35. Kxd5 Rg5+ 36. Kd4 f6 37. Ke4 Re5+ 38. Kd4 g5 39. g3 Ra5 40. Rc2+ Kd6 41. Rd2 Rd5+ 0-1

[Event "CZE-chT2A 1920"]
[Site "Czech Republic"]
[Date "2020.01.26"]
[Round "7.4"]
[White "Postupa, Pavel1111"]
[Black "Vasicek, Martin"]
[Result "1-0"]
[WhiteElo "2217"]
[BlackElo "2082"]
[PlyCount "129"]
[EventDate "2019.10.13"]
[EventType "team-tourn"]
[EventRounds "11"]
[EventCountry "CZE"]
[SourceTitle "EXT 2024"]
[Source "ChessBase"]
[SourceDate "2023.10.10"]
[SourceVersion "1"]
[SourceVersionDate "2023.10.10"]
[SourceQuality "1"]
[WhiteTeam "Pankrac II"]
[BlackTeam "Domazlice"]
[WhiteTeamCountry "CZE"]
[BlackTeamCountry "CZE"]

1. e4 c6 2. d4 d5 3. e5 Bf5 4. Nf3 e6 5. Be2 Nd7 6. 0-0 c5 7. c3 Bg6 8. Be3 Ne7 9. dxc5 Nc6 10. b4 Ndxe5 11. Nxe5 Nxe5 12. Nd2 Be7 13. f4 Nd7 14. g4 f5 15. Nb3 Nf6 16. Nd4 Qc8 17. g5 Ne4 18. Bb5+ Kf8 19. Rc1 h6 20. Qa4 hxg5 21. Bd7 Qb8 22. Nxe6+ Kg8 23. c6 b5 24. Qa5 Rh3 25. Bd4 Bd6 26. c7 Qb7 27. Qxb5 Qxb5 28. Bxb5 gxf4 29. Nxf4 Rh6 30. Bc6 Rc8 31. Bxd5+ Bf7 32. Rc2 Rxc7 33. Rg2 Bf8 34. Bxf7+ Rxf7 35. Ng6 Bd6 36. Ne5 Bxe5 37. Bxe5 Rc6 38. Rf3 g5 39. Re2 g4 40. Rd3 Kh7 41. h3 Re6 42. Bf4 Rg7 43. Rg2 gxh3 44. Rxh3+ Kg8 45. Rxg7+ Kxg7 46. c4 Ra6 47. a3 Rg6+ 48. Kf1 Rg4 49. Rf3 Kf6 50. c5 Nc3 51. Rxc3 Rxf4+ 52. Ke2 Ke7 53. Re3+ Kd7 54. Kd3 Kc6 55. Kc3 a5 56. Re6+ Kd7 57. Ra6 Rf3+ 58. Kc4 axb4 59. axb4 f4 60. Kb5 Rb3 61. Rf6 f3 62. c6+ Kc8 63. Kc5 Kc7 64. Rf7+ Kc8 65. b5 1-0

[Event "Pardubice Czech op-A 30th"]
[Site "Pardubice"]
[Date "2019.07.20"]
[Round "2"]
[White "Polschikov, Alexey"]
[Black "Vasicek, Martin"]
[Result "1-0"]
[WhiteElo "2375"]
[BlackElo "2132"]
[PlyCount "69"]
[EventDate "2019.07.19"]
[EventType "swiss"]
[EventRounds "9"]
[EventCountry "CZE"]
[SourceTitle "CBM 191"]
[Source "ChessBase"]
[SourceDate "2019.08.31"]
[SourceVersion "1"]
[SourceVersionDate "2019.08.31"]
[SourceQuality "1"]

1. Nf3 Nf6 2. c4 e6 3. g3 b6 4. Bg2 Bb7 5. 0-0 Be7 6. Nc3 0-0 7. d4 d5 8. cxd5 Nxd5 9. Nxd5 exd5 10. Bf4 c5 11. dxc5 bxc5 12. Ne5 Na6 13. Qb3 Nb4 14. a3 c4 15. Qd1 Na6 16. Nxc4 Nc5 17. Ne5 Re8 18. Rc1 Rc8 19. b4 Ne6 20. Rxc8 Qxc8 21. Bxd5 Rd8 22. Bxb7 Qxb7 23. Qb3 Rd5 24. Rd1 Nxf4 25. gxf4 Rxd1+ 26. Qxd1 g5 27. fxg5 Qe4 28. Nf3 Qf5 29. Qd4 a5 30. bxa5 Qxa5 31. a4 Qf5 32. Kg2 Bxg5 33. Qe5 Qxe5 34. Nxe5 Kf8 35. a5 1-0

[Event "Pardubice Czech op-A 30th"]
[Site "Pardubice"]
[Date "2019.07.19"]
[Round "1"]
[White "Vasicek, Martin"]
[Black "Martin, Julian"]
[Result "1/2-1/2"]
[WhiteElo "2132"]
[BlackElo "2363"]
[PlyCount "135"]
[EventDate "2019.07.19"]
[EventType "swiss"]
[EventRounds "9"]
[EventCountry "CZE"]
[SourceTitle "CBM 191"]
[Source "ChessBase"]
[SourceDate "2019.08.31"]
[SourceVersion "1"]
[SourceVersionDate "2019.08.31"]
[SourceQuality "1"]

1. d4 Nf6 2. Nf3 b6 3. Bf4 Bb7 4. e3 Nh5 5. Bg5 h6 6. Bh4 g5 7. Ne5 Nf6 8. Bg3 d6 9. Nd3 Ne4 10. Be2 Nxg3 11. hxg3 Bxg2 12. Rh2 Bb7 13. Bf3 Qc8 14. Nc3 c5 15. Qe2 Bg7 16. 0-0-0 Nd7 17. Rdh1 a6 18. Ne4 c4 19. Ne1 Rf8 20. g4 d5 21. Ng3 e6 22. Nh5 Bh8 23. Ng3 Bg7 24. Nh5 Bh8 25. Ng3 Qc7 26. Rxh6 0-0-0 27. c3 Bg7 28. Rh7 Bf6 29. Nc2 Be7 30. Qe1 b5 31. Qg1 a5 32. Qg2 b4 33. e4 Nf6 34. exd5 Nxh7 35. d6 Bxd6 36. Rxh7 bxc3 37. bxc3 Bf4+ 38. Ne3 Bd5 39. Ne4 Qc6 40. Kb1 Qb5+ 41. Ka1 Rh8 42. Rxf7 Rhf8 43. Rxf8 Rxf8 44. Nc5 Bxe3 45. Bxd5 Rxf2 46. Bxe6+ Kd8 47. Qa8+ Ke7 48. Qa7+ Kf8 49. Qa8+ Ke7 50. Qa7+ Kd6 51. Ne4+ Kxe6 52. Nxf2 Bxf2 53. d5+ Kxd5 54. Qxf2 Ke4 55. Qc2+ Kf4 56. a4 Qc5 57. Kb2 Kxg4 58. Qg2+ Kf4 59. Qh2+ Kf5 60. Qh3+ Kf4 61. Qh2+ Kf3 62. Qh3+ Kf2 63. Qh2+ Kf1 64. Qh3+ Ke1 65. Qh1+ Kf2 66. Qh2+ Kf3 67. Qh3+ Kf4 68. Qh2+ 1/2-1/2

[Event "CZE-chT2A 1617"]
[Site "Czech Republic"]
[Date "2017.01.15"]
[Round "6.3"]
[White "Slovak, Kilian"]
[Black "Vasicek, Martin"]
[Result "1/2-1/2"]
[WhiteElo "2104"]
[BlackElo "2098"]
[PlyCount "56"]
[EventDate "2016.10.09"]
[EventType "team-tourn"]
[EventRounds "11"]
[EventCountry "CZE"]
[SourceTitle "EXT 2022"]
[Source "ChessBase"]
[SourceDate "2021.10.06"]
[SourceVersion "1"]
[SourceVersionDate "2021.10.06"]
[SourceQuality "1"]
[WhiteTeam "Praha Kobylisy"]
[BlackTeam "Domazlice"]
[WhiteTeamCountry "CZE"]
[BlackTeamCountry "CZE"]

1. e4 c6 2. Nc3 d5 3. d4 dxe4 4. Nxe4 Bf5 5. Ng3 Bg6 6. Nf3 Nd7 7. Bd3 Bxd3 8. Qxd3 Ngf6 9. 0-0 e6 10. Re1 Be7 11. Ne5 Nxe5 12. Rxe5 0-0 13. b3 c5 14. Bb2 cxd4 15. Bxd4 Qc7 16. Rd1 Rfd8 17. Qe2 Rd7 18. Re3 Rad8 19. Red3 a6 20. Bb2 b5 21. Bxf6 Bxf6 22. Ne4 Rxd3 23. Rxd3 Rxd3 24. Nxf6+ gxf6 25. Qxd3 Qa5 26. h3 Qe1+ 27. Qf1 Qc3 28. Qd1 b4 1/2-1/2

[Event "CZE-chT2A 1314"]
[Site "Czech Republic"]
[Date "2014.03.23"]
[Round "10.4"]
[White "Vasicek, Martin"]
[Black "Palek, Miroslav"]
[Result "1/2-1/2"]
[WhiteElo "2173"]
[BlackElo "2233"]
[PlyCount "47"]
[EventDate "2013.11.03"]
[EventType "team-tourn"]
[EventRounds "11"]
[EventCountry "CZE"]
[SourceTitle "EXT 2015"]
[Source "ChessBase"]
[SourceDate "2014.11.20"]
[SourceVersion "1"]
[SourceVersionDate "2014.11.20"]
[SourceQuality "1"]
[WhiteTeam "Domazlice"]
[BlackTeam "Plzen Letna"]
[WhiteTeamCountry "CZE"]
[BlackTeamCountry "CZE"]

1. d4 Nf6 2. Nf3 e6 3. Bg5 c5 4. e3 Qb6 5. Nbd2 d5 6. Be2 Ne4 7. dxc5 Bxc5 8. Nxe4 dxe4 9. Nd2 0-0 10. 0-0 f6 11. Bf4 Rd8 12. Bc4 Qb4 13. c3 Qxb2 14. Qh5 Qb6 15. Nxe4 Be7 16. Rfd1 g6 17. Qh4 Kg7 18. Bh6+ Kf7 19. Bg5 fxg5 20. Qxh7+ Kf8 21. Qh8+ Kf7 22. Qh7+ Kf8 23. Qh6+ Kf7 24. Qh7+ 1/2-1/2

[Event "CZE-chT2A 1314"]
[Site "Czech Republic"]
[Date "2014.01.05"]
[Round "5.3"]
[White "Vasicek, Martin"]
[Black "Filipi, Stepan"]
[Result "0-1"]
[WhiteElo "2173"]
[BlackElo "2139"]
[PlyCount "116"]
[EventDate "2013.11.03"]
[EventType "team-tourn"]
[EventRounds "11"]
[EventCountry "CZE"]
[SourceTitle "EXT 2015"]
[Source "ChessBase"]
[SourceDate "2014.11.20"]
[SourceVersion "1"]
[SourceVersionDate "2014.11.20"]
[SourceQuality "1"]
[WhiteTeam "Domazlice"]
[BlackTeam "Vysehrad II"]
[WhiteTeamCountry "CZE"]
[BlackTeamCountry "CZE"]

1. d4 Nf6 2. Nf3 d6 3. Bg5 Nbd7 4. Nbd2 c6 5. e4 e5 6. c3 Be7 7. Be2 0-0 8. 0-0 h6 9. Bh4 exd4 10. cxd4 Nxe4 11. Nxe4 Bxh4 12. Nxd6 Nb6 13. Ne4 Bf6 14. Nc5 Qc7 15. Rc1 Bf5 16. Qb3 Rad8 17. Rfd1 Rfe8 18. Rd2 g5 19. h3 h5 20. Qd1 g4 21. hxg4 hxg4 22. Nh2 g3 23. fxg3 Bg5 24. Bg4 Qxg3 25. Bxf5 Qe3+ 26. Kf1 Qxd2 27. Qxd2 Bxd2 28. Rd1 Nc4 29. Ng4 Ne3+ 30. Nxe3 Bxe3 31. Nxb7 Rxd4 32. Rxd4 Bxd4 33. b3 Be5 34. Bd3 Bg3 35. Be2 Re5 36. b4 Re4 37. a3 Re3 38. Nd8 Rxa3 39. Bc4 Rc3 40. Bxf7+ Kf8 41. Bh5 Ke7 42. Nb7 Rc2 43. Bf3 Rf2+ 44. Kg1 Rb2 45. Kf1 Rxb4 46. Na5 Rb2 47. Nxc6+ Kf6 48. Bd1 Rf2+ 49. Kg1 Rd2 50. Bb3 Rb2 51. Bc4 Rb1+ 52. Bf1 a6 53. Nd4 Kg5 54. Nc2 a5 55. Na3 Rc1 56. Nc4 a4 57. Nb2 a3 58. Nd3 Rxf1+ 0-1

[Event "CZE-chT2A 1112"]
[Site "Czech Republic"]
[Date "2011.11.20"]
[Round "3"]
[White "Vasicek, Martin"]
[Black "Popelka, Oldrich"]
[Result "1/2-1/2"]
[WhiteElo "2152"]
[BlackElo "2111"]
[PlyCount "44"]
[EventDate "2011.10.09"]
[EventType "team-tourn"]
[EventRounds "11"]
[EventCountry "CZE"]
[SourceTitle "EXT 2013"]
[Source "ChessBase"]
[SourceDate "2012.11.22"]
[SourceVersion "1"]
[SourceVersionDate "2012.11.22"]
[SourceQuality "1"]
[WhiteTeam "Domazlice"]
[BlackTeam "Jindrichuv Hradec"]
[WhiteTeamCountry "CZE"]
[BlackTeamCountry "CZE"]

1. d4 d6 2. Nf3 g6 3. e4 Nf6 4. Nc3 Bg7 5. Bc4 Nxe4 6. Bxf7+ Kxf7 7. Nxe4 Rf8 8. 0-0 Kg8 9. h3 e6 10. c3 Kh8 11. Qe2 Nc6 12. Bg5 Qe8 13. Rfe1 Bd7 14. Ng3 Qf7 15. Qc4 b5 16. Qd3 e5 17. dxe5 Nxe5 18. Nxe5 Bxe5 19. Re2 Rae8 20. Bh6 Bg7 21. Bxg7+ Qxg7 22. Rae1 a5 1/2-1/2

[Event "CZE-chT2A 1011"]
[Site "Czech Republic"]
[Date "2011.03.06"]
[Round "9"]
[White "Erneker, Josef"]
[Black "Vasicek, Martin"]
[Result "1-0"]
[WhiteElo "2306"]
[BlackElo "2139"]
[PlyCount "87"]
[EventDate "2010.10.17"]
[EventType "team-tourn"]
[EventRounds "11"]
[EventCountry "CZE"]
[SourceTitle "EXT 2012"]
[Source "ChessBase"]
[SourceDate "2011.11.24"]
[SourceVersion "1"]
[SourceVersionDate "2011.11.24"]
[SourceQuality "1"]
[WhiteTeam "Praha Oaza"]
[BlackTeam "Domazlice"]
[WhiteTeamCountry "CZE"]
[BlackTeamCountry "CZE"]

1. e4 c6 2. d4 d5 3. e5 Bf5 4. h4 h5 5. Ne2 e6 6. Ng3 Bg6 7. Be2 Be7 8. Nxh5 Bxh5 9. Bxh5 g6 10. Be2 Rxh4 11. Rxh4 Bxh4 12. g3 Bg5 13. f4 Bh6 14. c3 Nd7 15. Be3 g5 16. Bh5 Kf8 17. Qf3 f5 18. exf6 gxf4 19. Bxf4 Qxf6 20. Bd6+ Ne7 21. Nd2 Bg5 22. Ke2 Kg7 23. Qg4 Qf5 24. Bxe7 Qxg4+ 25. Bxg4 Bxe7 26. Bxe6 Nf6 27. Bf5 Bd6 28. Kf3 Rh8 29. Rf1 Nh5 30. Rh1 Nxg3 31. Rxh8 Kxh8 32. Bc8 Ne4 33. Nxe4 dxe4+ 34. Kxe4 b6 35. Bb7 c5 36. Kd5 Bf8 37. Kc6 cxd4 38. cxd4 Bg7 39. d5 Bxb2 40. d6 b5 41. d7 Bf6 42. Ba6 Bd8 43. Kb7 Kg7 44. Kc8 1-0

[Event "CZE-chT2A 1011"]
[Site "Czech Republic"]
[Date "2011.02.20"]
[Round "8"]
[White "Simecek, Bohumil"]
[Black "Vasicek, Martin"]
[Result "0-1"]
[WhiteElo "2190"]
[BlackElo "2139"]
[PlyCount "90"]
[EventDate "2010.10.17"]
[EventType "team-tourn"]
[EventRounds "11"]
[EventCountry "CZE"]
[SourceTitle "EXT 2012"]
[Source "ChessBase"]
[SourceDate "2011.11.24"]
[SourceVersion "1"]
[SourceVersionDate "2011.11.24"]
[SourceQuality "1"]
[WhiteTeam "Cesky Krumlov"]
[BlackTeam "Domazlice"]
[WhiteTeamCountry "CZE"]
[BlackTeamCountry "CZE"]

1. d4 Nf6 2. c4 c5 3. d5 e5 4. Nc3 d6 5. e4 Be7 6. Bd3 0-0 7. h3 Ne8 8. Nf3 g6 9. g4 Na6 10. Bh6 Ng7 11. Qd2 Nc7 12. 0-0-0 a6 13. Rdg1 b5 14. h4 bxc4 15. Bxc4 Bf6 16. h5 Nb5 17. g5 Be7 18. hxg6 hxg6 19. Ne1 Re8 20. f4 exf4 21. Bxg7 Kxg7 22. Rh7+ Kxh7 23. Qh2+ Kg8 24. Rh1 Bf6 25. gxf6 Qxf6 26. Qh7+ Kf8 27. Qh6+ Qg7 28. Qxf4 Nxc3 29. Qxd6+ Kg8 30. bxc3 Bg4 31. Qf4 Bh5 32. Kc2 Qe5 33. Qxe5 Rxe5 34. Kd3 a5 35. Nc2 Bf3 36. Re1 Kf8 37. Re3 Bg2 38. Re1 Ke7 39. Bb5 Rh8 40. Na3 Rh3+ 41. Kc4 Rxe4+ 42. Rxe4+ Bxe4 43. Kxc5 Rxc3+ 44. Nc4 Bd3 45. d6+ Kd8 0-1

[Event "CZE-chT2A 1011"]
[Site "Czech Republic"]
[Date "2011.01.23"]
[Round "6"]
[White "Vasicek, Martin"]
[Black "Houska, Jiri"]
[Result "1/2-1/2"]
[WhiteElo "2139"]
[BlackElo "2182"]
[PlyCount "26"]
[EventDate "2010.10.17"]
[EventType "team-tourn"]
[EventRounds "11"]
[EventCountry "CZE"]
[SourceTitle "EXT 2012"]
[Source "ChessBase"]
[SourceDate "2011.11.24"]
[SourceVersion "1"]
[SourceVersionDate "2011.11.24"]
[SourceQuality "1"]
[WhiteTeam "Domazlice"]
[BlackTeam "Plzen Letna"]
[WhiteTeamCountry "CZE"]
[BlackTeamCountry "CZE"]

1. d4 Nf6 2. Nf3 g6 3. Bg5 Bg7 4. Nbd2 d5 5. e3 0-0 6. Bd3 c5 7. c3 b6 8. Qe2 Bb7 9. h3 Nbd7 10. 0-0 Ne4 11. Bf4 Nxd2 12. Qxd2 Re8 13. Rad1 e5 1/2-1/2

[Event "Tabor op"]
[Site "Tabor"]
[Date "2009.08.04"]
[Round "4"]
[White "Civin, Tomas"]
[Black "Vasicek, Martin"]
[Result "1-0"]
[WhiteElo "2425"]
[BlackElo "2147"]
[PlyCount "93"]
[EventDate "2009.08.02"]
[EventType "swiss"]
[EventRounds "9"]
[EventCountry "CZE"]
[SourceTitle "CBM 131 Extra"]
[Source "ChessBase"]
[SourceDate "2009.09.03"]
[SourceVersion "2"]
[SourceVersionDate "2009.09.16"]
[SourceQuality "1"]

1. d4 Nf6 2. c4 e6 3. g3 d5 4. Nf3 Be7 5. Bg2 Nbd7 6. Qc2 0-0 7. Nbd2 c6 8. 0-0 Re8 9. e4 dxe4 10. Nxe4 c5 11. Rd1 Nxe4 12. Qxe4 Qb6 13. Qe2 cxd4 14. Nxd4 Rd8 15. Be3 Bc5 16. Nb3 Bxe3 17. Qxe3 Qc7 18. Qd4 Re8 19. c5 Rb8 20. Rac1 e5 21. Qd6 Qxd6 22. Rxd6 Nf6 23. Na5 e4 24. b4 Be6 25. a4 Bd5 26. Bf1 Kf8 27. Bb5 Re6 28. Rxe6 fxe6 29. Be2 Ke7 30. b5 Rc8 31. c6 bxc6 32. bxc6 Kd6 33. Ba6 Rc7 34. Bb5 a6 35. Bxa6 Bxc6 36. Nxc6 Rxc6 37. Rd1+ Nd5 38. Bf1 Rc5 39. Bb5 Kc7 40. Rd4 Nc3 41. Rd7+ Kb6 42. Rxg7 Nxb5 43. axb5 h5 44. Rg6 Re5 45. h4 Kxb5 46. Rg5 Rf5 47. g4 1-0